Engineering zone : IES/GATE/PSUs : Guide for control systems : Theory ,Solved Examples & Workdbook practices questions (Record no. 6297)
[ view plain ]
| 000 -LEADER | |
|---|---|
| fixed length control field | 00519nam a2200169Ia 4500 |
| 008 - FIXED-LENGTH DATA ELEMENTS--GENERAL INFORMATION | |
| fixed length control field | 230711s9999||||xx |||||||||||||| ||und|| |
| 020 ## - INTERNATIONAL STANDARD BOOK NUMBER | |
| International Standard Book Number | 978-81-921396-6-1 |
| 041 ## - LANGUAGE CODE | |
| Language code of text/sound track or separate title | ENG |
| 082 ## - DEWEY DECIMAL CLASSIFICATION NUMBER | |
| Classification number | 621.317 |
| Item number | HA-C |
| 100 ## - MAIN ENTRY--PERSONAL NAME | |
| Personal name | Hafiz,Qaisar |
| 245 #0 - TITLE STATEMENT | |
| Title | Engineering zone : IES/GATE/PSUs : Guide for control systems : Theory ,Solved Examples & Workdbook practices questions |
| 250 ## - EDITION STATEMENT | |
| Edition statement | 2nd Ed. |
| 260 ## - PUBLICATION, DISTRIBUTION, ETC. | |
| Date of publication, distribution, etc. | 2016 |
| Place of publication, distribution, etc. | New Delhi |
| Name of publisher, distributor, etc. | Engineers Zone Publications |
| 300 ## - PHYSICAL DESCRIPTION | |
| Extent | 395p. |
| 650 ## - SUBJECT ADDED ENTRY--TOPICAL TERM | |
| Topical term or geographic name entry element | Electrical Engineering |
| 942 ## - ADDED ENTRY ELEMENTS (KOHA) | |
| Koha item type | Book |
| Withdrawn status | Lost status | Damaged status | Not for loan | Collection | Home library | Current library | Date acquired | Source of acquisition | Cost, normal purchase price | Inventory number | Total checkouts | Full call number | Barcode | Date last seen | Price effective from | Koha item type |
|---|---|---|---|---|---|---|---|---|---|---|---|---|---|---|---|---|
| MRSPTU Central Library | MRSPTU Central Library | Krishna Book Distributors | 450.00 | KBD/2016-2017/961342808 | 621.317 HA-C | 35728 | 08/17/2023 | 08/17/2023 | Book | |||||||
| MRSPTU Central Library | MRSPTU Central Library | Krishna Book Distributors | 450.00 | KBD/2016-2017/961342808 | 621.317 HA-C | 35729 | 08/17/2023 | 08/17/2023 | Book | |||||||
| MRSPTU Central Library | MRSPTU Central Library | Krishna Book Distributors | 450.00 | KBD/2016-2017/961342808 | 621.317 HA-C | 35730 | 08/17/2023 | 08/17/2023 | Book | |||||||
| MRSPTU Central Library | MRSPTU Central Library | Krishna Book Distributors | 450.00 | KBD/2016-2017/961342808 | 621.317 HA-C | 35731 | 08/17/2023 | 08/17/2023 | Book | |||||||
| MRSPTU Central Library | MRSPTU Central Library | Krishna Book Distributors | 450.00 | KBD/2016-2017/961342808 | 621.317 HA-C | 35732 | 08/17/2023 | 08/17/2023 | Book | |||||||
| MRSPTU Central Library | MRSPTU Central Library | Krishna Book Distributors | 450.00 | KBD/2016-2017/961342808 | 621.317 HA-C | 35733 | 08/17/2023 | 08/17/2023 | Book | |||||||
| MRSPTU Central Library | MRSPTU Central Library | Krishna Book Distributors | 450.00 | KBD/2016-2017/961342808 | 621.317 HA-C | 35734 | 08/17/2023 | 08/17/2023 | Book | |||||||
| MRSPTU Central Library | MRSPTU Central Library | Krishna Book Distributors | 450.00 | KBD/2016-2017/961342808 | 621.317 HA-C | 35735 | 08/17/2023 | 08/17/2023 | Book | |||||||
| MRSPTU Central Library | MRSPTU Central Library | Krishna Book Distributors | 450.00 | KBD/2016-2017/961342808 | 621.317 HA-C | 35736 | 08/17/2023 | 08/17/2023 | Book | |||||||
| MRSPTU Central Library | MRSPTU Central Library | Krishna Book Distributors | 450.00 | KBD/2016-2017/961342808 | 621.317 HA-C | 35737 | 08/17/2023 | 08/17/2023 | Book |
